Las dudas y las certezas : (Registro nro. 6303)

Detalles MARC
000 -CABECERA
campo de control de longitud fija 00919nam a22003011a 4500
003 - IDENTIFICADOR DEL NÚMERO DE CONTROL
campo de control AR-BaBN
005 - FECHA Y HORA DE LA ÚLTIMA TRANSACCIÓN
campo de control 20251002110730.0
007 - CAMPO FIJO DE DESCRIPCIÓN FÍSICA--INFORMACIÓN GENERAL
campo de control de longitud fija ta
008 - DATOS DE LONGITUD FIJA--INFORMACIÓN GENERAL
campo de control de longitud fija 050628s2001 ag |||||||||||||| ||spa
015 ## - NÚMERO DE BIBLIOGRAFÍA NACIONAL
Número de bibliografía nacional AR-2001
020 ## - NÚMERO INTERNACIONAL ESTÁNDAR DEL LIBRO
Número Internacional Estándar del Libro 9500720574
040 ## - FUENTE DE LA CATALOGACIÓN
Centro catalogador/agencia de origen AR-BaBN
Lengua de catalogación
Centro/agencia transcriptor
Normas de descripción
044 ## - CÓDIGO DEL PAÍS DE LA ENTIDAD EDITORA/PRODUCTORA
Código MARC del país ag
Código ISO del país ar-c
080 ## - NÚMERO DE LA CLASIFICACIÓN DECIMAL UNIVERSAL
Número de la Clasificación Decimal Universal 159.9
100 1# - ENTRADA PRINCIPAL--NOMBRE DE PERSONA
Nombre de persona Aguinis, Marcos,
Fechas asociadas al nombre 1935-
Término indicativo de función/relación autor
Código de función/relación aut
245 14 - MENCIÓN DE TÍTULO
Título Las dudas y las certezas :
Resto del título diálogos completos.
260 ## - PUBLICACIÓN, DISTRIBUCIÓN, ETC. (PIE DE IMPRENTA)
Lugar de publicación, distribución, etc. Buenos Aires :
Nombre del editor, distribuidor, etc. Sudamericana,
Fecha de publicación, distribución, etc. 2001.
300 ## - DESCRIPCIÓN FÍSICA
Extensión 319 p.
650 ## - PUNTO DE ACCESO ADICIONAL DE MATERIA--TÉRMINO DE MATERIA
Término de materia o nombre geográfico como elemento inicial Psicologia
9 (RLIN) 108
700 0# - PUNTO DE ACCESO ADICIONAL--NOMBRE DE PERSONA
Nombre de persona Laguna, Justo Oscar,
Fechas asociadas al nombre 1929-2011
930 #1 - EQUIVALENCIA O REFERENCIA CRUZADA-ENCABEZAMIENTO DE TÍTULO UNIFORME [LOCAL, CANADÁ]
Lenguaje de la obra BNA01
Medio de interpretación para música LIBRO
Enlace 00118292
Enlace entre campo y número de secuencia 20110912
Fecha de publicación/de la obra 11
Número de parte o sección de la obra 001
Mención de arreglo para música 000131046
942 ## - ELEMENTOS DE PUNTO DE ACCESO ADICIONAL (KOHA)
Fuente del sistema de clasificación o colocación Clasificación Decimal Universal
Tipo de ítem Koha Libros
956 ## - LOCALIZACIÓN Y ACCESO ELECTRÓNICOS LOCAL (OCLC)
Nombre del host GSL
Número de acceso 00
Información sobre la compresión 20110915
Proceso de conexión (Logon) BNA01
Procesador de la petición 1349
956 ## - LOCALIZACIÓN Y ACCESO ELECTRÓNICOS LOCAL (OCLC)
Nombre del host CATAU
Número de acceso 10
Información sobre la compresión 20130218
Proceso de conexión (Logon) BNA01
Procesador de la petición 1954
956 ## - LOCALIZACIÓN Y ACCESO ELECTRÓNICOS LOCAL (OCLC)
Nombre del host GSL
Información sobre la compresión 20130614
Proceso de conexión (Logon) BNA01
Procesador de la petición 1301
956 ## - LOCALIZACIÓN Y ACCESO ELECTRÓNICOS LOCAL (OCLC)
Nombre del host CATAU
Número de acceso 20
Información sobre la compresión 20160125
Proceso de conexión (Logon) BNA01
Procesador de la petición 1643
956 ## - LOCALIZACIÓN Y ACCESO ELECTRÓNICOS LOCAL (OCLC)
Nombre del host BATCH-UPD
Número de acceso 20
Información sobre la compresión 20160125
Proceso de conexión (Logon) BNA01
Procesador de la petición 1643
Existencias
Estado de retiro Estado de pérdida Fuente del sistema de clasificación o colocación Estado dañado Excepción de préstamo Localización permanente Ubicación/localización actual Ubicación en estantería Fecha de adquisición Fuente de adquisición Número de inventario Total de préstamos Signatura topográfica completa Código de barras Fecha visto por última vez Precio válido a partir de Tipo de ítem Koha
    Clasificación Decimal Universal     BIBLIOTECA RIOBAMBA BIBLIOTECA RIOBAMBA BIBLIOTECA RIOBAMBA 02/10/2025 Donación 9093   159.9 LAG 9093 02/10/2025 02/10/2025 Libros